[Event "Let's Play Chess!"]
[Site "http://www.queenalice.com/game.php?id=70920"]
[Date "2006.5.23"]
[Round "-"]
[White "cesarcavalli"]
[Black "gsorlando"]
[Result "1-0"]
[WhiteElo "2007"]
[BlackElo "1100"]

1. d4 d5 2. c4 dxc4 3. Nf3 Nf6 4. e3 e6 5. Bxc4 c5 6. O-O Nc6 7. Qe2 cxd4 8. Rd1
Be7 9. Nc3 O-O 10. Nxd4 Qc7 11. Nxc6 Qxc6 12. e4 b6 13. Bb5 Qc5 14. Be3 Qb4 15.
a3 Qb3 16. Ba4 Ba6 17. Qxa6 Qxb2 18. Bd4 Bxa3 19. Na2 Qxd4 20. Rxd4 Bb2 21. Rad1
g5 22. Rc4 h6 23. Qb5 Ng4 24. Qxb2 Rab8 25. h3 Ne5 26. Qxe5 a5 27. Nc3 Rbc8 28.
Rxc8 Rxc8 29. Rd7 Rxc3 30. Qxc3 e5 31. Qxe5 f6 32. Qxf6 g4 33. Bb3# 1-0

[Event "Let's Play Chess!"]
[Site "http://www.queenalice.com/game.php?id=72388"]
[Date "2006.5.28"]
[Round "-"]
[White "yetiyare"]
[Black "gsorlando"]
[Result "1-0"]
[WhiteElo "1091"]
[BlackElo "1069"]

1. e4 e5 2. Nf3 Nc6 3. Bb5 Nb4 4. Nxe5 Nf6 5. Bc4 d5 6. exd5 Qe7 7. Qe2 Bf5 8.
d3 O-O-O 9. d6 Rxd6 10. Nxf7 Rg8 11. Nxd6+ Qxd6 12. Bxg8 Nxg8 13. O-O g5 14.
Bxg5 Be7 15. Nc3 Bxg5 16. Ne4 Bxe4 17. Qg4+ Bf5 18. Qxf5+ Qd7 19. Qxg5 Qd8 20.
Qg4+ Kb8 21. Qxb4 Ne7 22. Rfe1 Nc6 23. Qe4 h5 24. Qe8 a5 25. Qxd8+ Nxd8 26. Re8
Kc8 27. Rae1 1-0

[Event "Challenge"]
[Site "http://www.queenalice.com/game.php?id=73510"]
[Date "2006.6.1"]
[Round "-"]
[White "gsorlando"]
[Black "edsonholanda"]
[Result "1-0"]
[WhiteElo "975"]
[BlackElo "1377"]

1. e4 e5 2. Nf3 Nc6 3. Bb5 Nf6 4. d3 Bc5 5. O-O O-O 6. Bxc6 dxc6 7. Nxe5 Be6 8.
Bg5 h6 9. Bh4 g5 10. Bg3 Re8 11. Nc3 Bg4 12. Qe1 Bb4 13. Nxg4 Nxg4 14. d4 c5 15.
Qe2 cxd4 16. Qxg4 dxc3 17. bxc3 Bxc3 18. Rab1 Be5 19. Rxb7 Bxg3 20. Qxg3 Rxe4
21. Qxc7 Qxc7 22. Rxc7 Ra4 23. Rc6 Kg7 24. Ra1 f6 25. c4 Kg6 26. c5 Rc4 27. g3
a5 28. Re1 g4 29. Kg2 h5 30. h4 gxh3+ 31. Kxh3 a4 32. f4 a3 33. Re2 Ra5 34. Ree6
Rcxc5 35. Rxf6+ Kg7 36. Rg6+ Kf7 37. Rcf6+ Ke7 38. Rh6 Kd7 39. Rf7+ Ke8 40. Rhh7
Ra8 41. f5 Rc2 42. f6 Rxa2 43. Re7+ Kd8 44. Rh8# 1-0

[Event "Partida 3"]
[Site "http://www.queenalice.com/game.php?id=73661"]
[Date "2006.6.2"]
[Round "-"]
[White "Emiya_S"]
[Black "gsorlando"]
[Result "0-1"]
[WhiteElo "1066"]
[BlackElo "1041"]

1. d4 d5 2. e3 c6 3. Nc3 e6 4. a3 b5 5. Nf3 a5 6. Bd3 Ba6 7. b4 axb4 8. axb4
Bxb4 9. Bd2 Bb7 10. Qb1 Bxc3 11. Bxc3 Ba6 12. Ne5 f6 13. Ng4 h5 14. Ne5 fxe5 15.
dxe5 Ne7 16. O-O Nf5 17. h3 Nd7 18. e4 dxe4 19. Be2 Nc5 20. Qc1 b4 21. Bxb4 Bxe2
22. Re1 Rxa1 23. Qxa1 Qd4 24. Rxe2 Qxb4 25. Qc1 g5 0-1

[Event "Challenge"]
[Site "http://www.queenalice.com/game.php?id=74227"]
[Date "2006.6.4"]
[Round "-"]
[White "gsorlando"]
[Black "Cyrilou"]
[Result "0-1"]
[WhiteElo "975"]
[BlackElo "1444"]

1. e4 d5 2. e5 Nc6 3. d4 f6 4. Qh5+ g6 5. Qe2 fxe5 6. dxe5 Bg7 7. e6 Nd4 8. Qd3
Nxe6 9. Nf3 Nc5 10. Qb5+ Nd7 11. Bd3 c6 12. Qa4 Nc5 13. Qa3 Qd6 14. O-O h5 15.
Re1 h4 16. g3 Qf6 17. Be2 Bh3 18. Qxc5 hxg3 19. Bg5 Qxb2 20. Na3 e6 0-1

[Event "Nêga"]
[Site "http://www.queenalice.com/game.php?id=76633"]
[Date "2006.6.15"]
[Round "-"]
[White "edsonholanda"]
[Black "gsorlando"]
[Result "0-1"]
[WhiteElo "1394"]
[BlackElo "1277"]

1. e4 e5 2. Nf3 Nf6 3. Nc3 Bb4 4. Nxe5 Bxc3 5. dxc3 Nxe4 6. Qe2 d5 7. c4 O-O 8.
f3 Qe8 9. Bf4 Nc5 10. cxd5 a5 11. O-O-O c6 12. c4 a4 13. a3 Nbd7 14. Nxd7 Bxd7
15. Bd6 Nb3+ 16. Kb1 c5 17. Bxf8 Kxf8 18. Qxe8+ Rxe8 19. Bd3 g6 20. Rhe1 Kg7 21.
Rxe8 Bxe8 22. Re1 Bd7 23. Kc2 Nd4+ 24. Kc3 b5 25. cxb5 Bxb5 26. Re5 h5 27. d6
Bd7 28. Rxc5 Ne6 29. Ra5 Nf8 30. Rxa4 Bxa4 31. Kc4 f5 32. b3 Bc6 33. Kc5 Ba8 34.
Bb5 Ne6+ 35. Kc4 g5 36. Bd7 Nf4 37. g3 Ne2 38. Kc5 Bxf3 39. Bc6 Bxc6 40. Kxc6
Kf7 41. d7 Nd4+ 42. Kd6 Ne6 43. b4 f4 44. gxf4 gxf4 45. b5 f3 46. b6 f2 47. b7
f1=Q 48. Kc6 Qf3+ 49. Kb6 Qb3+ 50. Ka7 Qb5 51. b8=Q Qxd7+ 52. Qb7 Ke7 53. Qxd7+
Kxd7 54. a4 Kc7 55. a5 Ng5 56. Ka6 h4 57. Kb5 Kb7 58. Kc4 h3 59. Kd3 Nf3 60. Ke3
Nxh2 61. Kf2 Ng4+ 62. Kg1 Ka6 63. Kh1 Kxa5 64. Kg1 Kb4 65. Kh1 Kc4 66. Kg1 Kd4
67. Kh1 Ke4 68. Kg1 Kf3 69. Kh1 Kg3 70. Kg1 Nf2 71. Kf1 h2 72. Ke2 h1=Q 73. Ke3
Qe4+ 74. Kd2 Kf3 75. Kc3 Ke3 76. Kb3 Kd3 77. Ka3 Kc3 78. Ka2 Qb4 79. Ka1 Qb2#
0-1

[Event "Jogo de Iniciantes"]
[Site "http://www.queenalice.com/game.php?id=85698"]
[Date "2006.7.14"]
[Round "-"]
[White "gsorlando"]
[Black "diegmr"]
[Result "0-1"]
[WhiteElo "975"]
[BlackElo "1531"]

1. e4 e5 2. Nf3 Nc6 3. Bb5 Nf6 4. d3 d6 5. Qd2 Bd7 6. O-O a6 7. Ba4 Be7 8. Nc3
O-O 9. Bb3 Bg4 10. Ng5 Qd7 11. a4 h6 12. Nf3 Bxf3 13. gxf3 Qh3 14. Qe1 Nh5 15.
Nd5 Nd4 16. Qd1 Nxf3+ 17. Qxf3 Qxf3 18. Nxe7+ Kh7 19. Nf5 Qg4+ 20. Kh1 Nf4 21.
Bxf4 Qxf4 22. Rg1 g6 23. Ne3 Qxf2 24. Nd5 Qf3+ 25. Rg2 c6 26. Nc3 f5 0-1

[Event "Challenge"]
[Site "http://www.queenalice.com/game.php?id=85862"]
[Date "2006.7.14"]
[Round "-"]
[White "hugo10"]
[Black "gsorlando"]
[Result "0-1"]
[WhiteElo "1170"]
[BlackElo "975"]

1. d4 Nf6 2. f3 d5 3. e4 c6 4. Nc3 Nbd7 5. g4 Nb6 6. exd5 Nfxd5 7. Nxd5 Nxd5 8.
Bc4 Nf6 9. g5 Nh5 10. Ne2 e6 11. Nc3 Bb4 12. a3 b5 13. Be2 Ba5 14. a4 O-O 15.
axb5 e5 16. dxe5 Qd7 17. b3 Bxc3+ 18. Kf1 Bxa1 19. Ba3 Qh3+ 20. Kf2 Re8 21. Qxa1
Nf4 22. Bc4 c5 23. e6 Bxe6 24. Bxc5 Bd5 25. b6 Qxf3+ 26. Kg1 Qg2# 0-1

[Event "Challenge"]
[Site "http://www.queenalice.com/game.php?id=89177"]
[Date "2006.7.24"]
[Round "-"]
[White "claudiocaire"]
[Black "gsorlando"]
[Result "0-1"]
[WhiteElo "1426"]
[BlackElo "1138"]

1. e4 e5 2. Qf3 Nf6 3. g4 Bb4 4. Bc4 O-O 5. Qg3 d6 6. Qh3 Bxg4 7. Qh4 Nc6 8. Bd3
Nd4 9. f4 Qd7 10. fxe5 dxe5 11. Ne2 Nf3+ 12. Kf2 Nxh4 13. a3 Bc5+ 14. Ke1 b6 15.
Nbc3 Nf3+ 16. Kf1 Bh3# 0-1

[Event "Challenge"]
[Site "http://www.queenalice.com/game.php?id=89351"]
[Date "2006.7.25"]
[Round "-"]
[White "gsorlando"]
[Black "hugo10"]
[Result "0-1"]
[WhiteElo "1333"]
[BlackElo "1235"]

1. e4 Nf6 2. Bd3 d5 3. e5 Nfd7 4. Nf3 g6 5. O-O Bg7 6. Nc3 f6 7. exf6 Bxf6 8.
Nxd5 e6 9. Nxf6+ Qxf6 10. Bb5 c6 11. Ba4 b5 12. Bb3 O-O 13. Re1 Nc5 14. d4 Ncd7
15. Ne5 Qxf2+ 16. Kh1 Nxe5 17. Rg1 Ned7 18. Bxe6+ Kg7 19. Rf1 Qh4 20. Bxd7 Bxd7
21. Rxf8 Kxf8 22. Qf1+ Kg8 23. g3 Qe4+ 0-1

[Event "Challenge"]
[Site "http://www.queenalice.com/game.php?id=90248"]
[Date "2006.7.28"]
[Round "-"]
[White "AAmorim"]
[Black "gsorlando"]
[Result "0-1"]
[WhiteElo "1513"]
[BlackElo "1195"]

1. e4 e5 2. Nf3 Nc6 3. Bb5 Nf6 4. Bxc6 dxc6 5. c3 Bg4 6. O-O Bd6 7. d3 O-O 8.
Bg5 Re8 9. h3 Bxf3 10. Qxf3 Bc5 11. Nd2 Re6 12. Bxf6 Rxf6 13. b4 Rxf3 14. gxf3
Qg5+ 15. Kh2 Qxd2 16. d4 Bb6 17. dxe5 Qf4+ 18. Kg2 Qxe5 19. Rad1 Qxc3 20. Rd7
Qxb4 21. Rfd1 Rf8 22. Rd8 Qc5 23. Kg3 Qg5+ 24. Kh2 Rxd8 25. f4 Qh4 0-1

[Event "Challenge"]
[Site "http://www.queenalice.com/game.php?id=90719"]
[Date "2006.7.30"]
[Round "-"]
[White "AAmorim"]
[Black "gsorlando"]
[Result "0-1"]
[WhiteElo "1556"]
[BlackElo "1232"]

1. e4 e5 2. Nf3 Nf6 3. Bc4 Qe7 4. Nc3 c6 5. b3 b6 6. Bb2 Ba6 7. Bxa6 Nxa6 8. d4
d6 9. Ba3 Qe6 10. d5 cxd5 11. exd5 Qf5 12. Nb5 Be7 13. Bxd6 Qd7 14. Nxe5 Qxb5
15. Bxe7 Kxe7 16. h4 Rhd8 17. Nc6+ Kf8 18. Nxd8 Rxd8 19. c4 Qb4+ 20. Qd2 b5 21.
Qxb4+ Nxb4 22. a3 Nc2+ 23. Kd1 Nxa1 24. cxb5 Rxd5+ 25. Ke2 Nxb3 26. a4 Rd2+ 27.
Ke3 Ra2 28. Rb1 Nc5 29. Kd4 Nfd7 30. Kd5 Rxf2 31. Kc6 f5 32. a5 Rxg2 33. Rc1
Rg6+ 34. Kc7 f4 35. h5 Rf6 0-1

[Event "24 hours"]
[Site "http://www.queenalice.com/game.php?id=91193"]
[Date "2006.7.31"]
[Round "-"]
[White "gsorlando"]
[Black "SAMOEL"]
[Result "0-1"]
[WhiteElo "1270"]
[BlackElo "1100"]

1. e4 e5 2. Nf3 d6 3. Bb5+ c6 4. Ba4 Bg4 5. O-O Nf6 6. Nc3 b5 7. Bb3 b4 8. Nb1
Nxe4 9. d3 Nf6 10. Bg5 h6 11. Bh4 g5 12. Bg3 h5 13. c3 h4 14. Nxg5 Bxd1 15. Nxf7
Bxb3 16. Nxd8 Bc2 17. Ne6 Na6 18. Nd2 hxg3 19. fxg3 Ke7 20. Ng5 Bxd3 21. Rf3 Bh6
22. h4 e4 23. Re3 d5 24. c4 Nc5 25. a4 Ng4 26. Ree1 Rag8 27. Nh3 Bxd2 28. Red1
Be3+ 29. Nf2 Bxf2+ 30. Kh1 Bxg3 31. cxd5 Rxh4+ 32. Kg1 Bf2# 0-1

[Event "Challenge"]
[Site "http://www.queenalice.com/game.php?id=91220"]
[Date "2006.7.31"]
[Round "-"]
[White "clara_ca"]
[Black "gsorlando"]
[Result "0-1"]
[WhiteElo "1122"]
[BlackElo "1250"]

1. e4 e5 2. Nf3 Nf6 3. Bd3 Bb4 4. O-O O-O 5. Nxe5 d6 6. Nf3 Bg4 7. c3 Ba5 8. e5
dxe5 9. Nxe5 Bxd1 10. Rxd1 Nc6 11. f4 Bb6+ 12. Kf1 Ng4 13. Ke2 Nf2 14. Rf1 Nxd3
15. Nxd3 f6 16. g3 Qe8+ 17. Kf3 g5 18. Re1 Qd7 19. Nb4 g4+ 20. Ke4 Rfe8# 0-1

[Event "24hours I"]
[Site "http://www.queenalice.com/game.php?id=93830"]
[Date "2006.8.8"]
[Round "-"]
[White "gsorlando"]
[Black "RickD"]
[Result "1-0"]
[WhiteElo "1300"]
[BlackElo "1266"]

1. e4 Nh6 2. Bb5 c6 3. Ba4 e6 4. a3 Bc5 5. Nh3 e5 6. O-O d5 7. d3 dxe4 8. dxe4
Qxd1 9. Rxd1 Ng4 10. Nc3 O-O 11. Rb1 f5 12. b4 Bd4 13. Rd3 fxe4 14. Nxe4 Bf5 15.
Nhg5 h6 16. h3 hxg5 17. hxg4 Bxe4 18. Bb3+ Kh7 19. Rh3+ Kg6 20. Be3 Nd7 21. Rh5
Bxe3 22. fxe3 Nf6 23. Rh3 Nxg4 24. Rd1 1-0

[Event "24hours II"]
[Site "http://www.queenalice.com/game.php?id=93831"]
[Date "2006.8.8"]
[Round "-"]
[White "gsorlando"]
[Black "BuzzKiller"]
[Result "1-0"]
[WhiteElo "1279"]
[BlackElo "1290"]

1. e4 d5 2. Nc3 d4 3. Nd5 f5 4. Bd3 Nc6 5. Nf3 Nb4 6. O-O Nxd5 7. exd5 Qxd5 8.
c4 Qc5 9. b3 f4 10. Re1 Bg4 11. Re4 Bxf3 12. Qxf3 e5 13. Qh5+ g6 14. Qxe5+ Qe7
15. Qxh8 1-0

[Event "36hours II"]
[Site "http://www.queenalice.com/game.php?id=94266"]
[Date "2006.8.10"]
[Round "-"]
[White "Baranduin"]
[Black "gsorlando"]
[Result "1-0"]
[WhiteElo "1444"]
[BlackElo "1346"]

1. e4 e5 2. Nf3 Nc6 3. d4 Bb4+ 4. c3 Ba5 5. b4 Bb6 6. d5 Nce7 7. Nxe5 d6 8. Nf3
Bg4 9. Be2 Nf6 10. Qc2 O-O 11. O-O Qd7 12. Nbd2 a5 13. Bb2 c5 14. a3 Ng6 15. h3
Bxf3 16. Nxf3 Rfc8 17. Qd3 c4 18. Qc2 Ne5 19. Nxe5 dxe5 20. Bc1 Qb5 21. a4 Qa6
22. b5 Qa7 23. Bg5 Nd7 24. Bg4 f6 25. Bxd7 Rd8 26. Be6+ Kf8 27. Bh4 Bc5 28. Qe2
Be7 29. Qh5 g6 30. Qxh7 1-0

[Event "36hours III"]
[Site "http://www.queenalice.com/game.php?id=94267"]
[Date "2006.8.10"]
[Round "-"]
[White "Baranduin"]
[Black "gsorlando"]
[Result "1-0"]
[WhiteElo "1190"]
[BlackElo "1307"]

1. d4 Nf6 2. Nf3 d5 3. c4 Bg4 4. Ne5 Nc6 5. Nxg4 Nxg4 6. e4 h5 7. exd5 Na5 8.
Qa4+ c6 9. dxc6 bxc6 10. Bd2 Qxd4 11. Qxa5 Qxc4 12. Bxc4 1-0